Największe miasta w Polsce niebędące siedzibą powiatu - Statystyki

Ogólne statystyki
  • Ten quiz został rozwiązany 1 659 razy
  • Średni wynik to 6 z 15
Statystyki odpowiedzi
L.p. Miasto Liczba ludności (2021) Województwo % Poprawnych
1. Rumia 49 536 pomorskie
77%
11. Reda 26 707 pomorskie
56%
4. Marki 36 816 mazowieckie
54%
2. Ząbki 38 546 mazowieckie
54%
8. Swarzędz 29 862 wielkopolskie
36%
5. Czechowice-Dziedzice 35 839 śląskie
34%
3. Knurów 37 801 śląskie
34%
7. Czeladź 31 039 śląskie
33%
6. Luboń 32 015 wielkopolskie
32%
15. Piastów 22 559 mazowieckie
31%
13. Skawina 24 366 małopolskie
28%
9. Bielawa 29 523 dolnośląskie
24%
10. Czerwionka-Leszczyny 27 888 śląskie
23%
12. Kobyłka 25 149 mazowieckie
22%
14. Świebodzice 22 642 dolnośląskie
18%
Nie znaleziono quizów pasujących do podanych kryteriów
Rozkład punktacji
Procent ludzi z każdym wynikiem
Percentyl według liczby udzielonych odpowiedzi
Twoja historia wyników
Nie rozwiązałeś tego quizu